00480nam a2200193 a 4500001001300000003000900013005001700022008004100039020000900080082001500089100002500104245002300129260002500152300000900177500003500186505001000221650003000231700002500261nice12345678IN_TiNIC20260116011637.0050524s1976 dela grp 000 0 eng  ac3000a291.6bMCM aMcmullen, Clarence O aNature of Guruship aDelhi bISPCK c1976 a217p aincludes index and biblioraphy2 aindex aComparative Religion-Guru1 aMcmullen, Clarence O